• 首页
  • 本馆介绍
  • 公告通知
  • 最新文献
  • 馆藏检索
  • 电子资源
  • 读者导购
  • 参考咨询
  • 我的图书馆
  • 登录
  • 详细信息显示
  • 放入我的书架
  • 预约/预借图书
  • 作者相关作品
  • 分类相关作品
  • 丛书相关作品
  • 出版社相关作品

书目信息

  • 表格格式
  • 工作单格式
  • 卡片格式
题名:
互换性与测量技术基础 上册
    
 
作者: 李柱 主编
分册:  
出版信息: 北京   计量出版社  1984.10
页数: 587页
开本: 26cm
丛书名:
单 册:
中图分类: TH701
科图分类:
主题词: 仪器 , 仪表 , 仪表装置
电子资源:
ISBN:
000 00595nam0 2200217 45
001 0312221749
005 20031222170913.0
010    @dCNY6.80
100    @a20031222d1984 km y0chiy0120 ea
101    @achi
105    @a z 000yy
200 1  @a互换性与测量技术基础 上册@AHu Huan Xing Yu Ce Liang Ji Shu Ji Chu Shang Ce@f李柱主编@FLi Zhu Zhu Bian
210    @a北京@c计量出版社@d1984.10
215    @a587页@d26cm
606 0  @a仪器
606 0  @a仪表
606 0  @a仪表装置
690    @aTH701@v3
701 0  @a李柱@4主编
801    @aCN@bTSTCL@c20031222
905    @a213230@dTH701@e9:1@b139541@f1
    
    互换性与测量技术基础 上册/李柱主编.-北京:计量出版社,1984.10
    587页;26cm
    
    
    ISBN :CNY6.80
    
●
相关链接 在E读中查询图书 在五车中查询图书 在当当中查询图书 在豆瓣中查询图书


正题名:互换性与测量技术基础 上册     索取号:TH701/9:1         预约/预借

序号 登录号 条形码 馆藏地/架位号 状态 备注
1 0139541   001365962   第二样本阅览室/ [索取号:TH701/9:1] 在馆    
唐山师范学院图书馆 欢迎您!
大连网信软件有限公司© 版权所有